[Event "Maastricht Limburg op-B 7th"]
[Site "Maastricht"]
[Date "2013.05.19"]
[Round "4"]
[White "Freer, Robert"]
[Black "Snoeks, Marnicq"]
[Result "1/2-1/2"]
[WhiteElo "1870"]
[BlackElo "1753"]
[PlyCount "73"]
[EventDate "2013.05.17"]
[EventType "swiss"]
[EventRounds "7"]
[EventCountry "NED"]
[SourceTitle "EXT 2014"]
[Source "ChessBase"]
[SourceDate "2013.11.20"]
[SourceVersion "1"]
[SourceVersionDate "2013.11.20"]
[SourceQuality "1"]

1. e4 e5 2. Nf3 Nc6 3. Bb5 a6 4. Bxc6 dxc6 5. 0-0 Bd6 6. d4 Bg4 7. dxe5 Bxf3 8. Qxf3 Bxe5 9. Rd1 Qh4 10. g3 Qf6 11. Qxf6 Nxf6 12. f4 Bd6 13. Nc3 0-0-0 14. Be3 Ng4 15. Bf2 Nxf2 16. Kxf2 Bc5+ 17. Kf3 Bd4 18. Rd3 Bxc3 19. Rxc3 Rd2 20. h4 Rhd8 21. Re1 Rh2 22. Re2 Rh1 23. e5 Rb1 24. b3 Ra1 25. a4 Rad1 26. h5 R1d2 27. Rce3 Rxe2 28. Rxe2 Rd5 29. h6 g6 30. g4 Kd7 31. Ke4 Rd1 32. f5 Rh1 33. Kf4 gxf5 34. gxf5 Ke7 35. Rg2 Rf1+ 36. Ke4 Re1+ 37. Kf4 1/2-1/2

[Event "Maastricht Limburg op-B 6th"]
[Site "Maastricht"]
[Date "2012.05.27"]
[Round "5"]
[White "Tutenel, Erik"]
[Black "Snoeks, Marnicq"]
[Result "1-0"]
[WhiteElo "1819"]
[BlackElo "1706"]
[PlyCount "43"]
[EventDate "2012.05.25"]
[EventType "swiss"]
[EventRounds "7"]
[EventCountry "NED"]
[SourceTitle "EXT 2013"]
[Source "ChessBase"]
[SourceDate "2012.11.22"]
[SourceVersion "1"]
[SourceVersionDate "2012.11.22"]
[SourceQuality "1"]

1. e4 e5 2. Nc3 Nc6 3. Bc4 Nf6 4. d3 d6 5. f4 Be7 6. Nf3 Bg4 7. Be3 0-0 8. f5 a6 9. a3 h6 10. h3 Bxf3 11. Qxf3 Nh7 12. Nd5 Bg5 13. Bxg5 Nxg5 14. Qg4 Nd4 15. 0-0-0 Nh7 16. c3 Nc6 17. h4 Ne7 18. f6 Ng6 19. h5 c6 20. hxg6 Nxf6 21. Nxf6+ Qxf6 22. Rdf1 1-0

[Event "Maastricht Limburg op-B 6th"]
[Site "Maastricht"]
[Date "2012.05.25"]
[Round "1"]
[White "Zegstroo, Martin"]
[Black "Snoeks, Marnicq"]
[Result "0-1"]
[WhiteElo "1891"]
[BlackElo "1706"]
[PlyCount "126"]
[EventDate "2012.05.25"]
[EventType "swiss"]
[EventRounds "7"]
[EventCountry "NED"]
[SourceTitle "EXT 2013"]
[Source "ChessBase"]
[SourceDate "2012.11.22"]
[SourceVersion "1"]
[SourceVersionDate "2012.11.22"]
[SourceQuality "1"]

1. e4 e5 2. Nc3 Nc6 3. f4 Bc5 4. Nf3 exf4 5. d4 Bb6 6. Bxf4 Nge7 7. Bc4 0-0 8. 0-0 d6 9. Nd5 Nxd5 10. Bxd5 Be6 11. Bxe6 fxe6 12. Bg5 Qd7 13. Kh1 Nxd4 14. Nxd4 Rxf1+ 15. Qxf1 Bxd4 16. c3 Be5 17. Qd3 Qf7 18. Be3 Qe7 19. Rd1 b6 20. b3 a5 21. a4 Rf8 22. c4 Qh4 23. Bg1 Qf4 24. Qe2 Rf6 25. Rd3 Qf1 26. Qxf1 Rxf1 27. g3 Rc1 28. Kg2 Rc3 29. Rxc3 Bxc3 30. Kf3 Kf7 31. Be3 g6 32. Bg5 Bf6 33. Be3 Ke7 34. h3 Kd7 35. Ke2 Bd8 36. Kd3 c6 37. g4 d5 38. exd5 cxd5 39. cxd5 exd5 40. Bf4 Kc6 41. Be5 Be7 42. Kd4 Bc5+ 43. Kd3 Bg1 44. Bg7 b5 45. axb5+ Kxb5 46. Bc3 Bb6 47. h4 Kc6 48. h5 gxh5 49. gxh5 Kd6 50. Ke2 Ke6 51. Kf3 Kf5 52. Bd2 d4 53. Bc1 Bc5 54. Bd2 Bb4 55. Bc1 d3 56. Ke3 d2 57. Bxd2 Bxd2+ 58. Kxd2 Kg5 59. Ke3 Kxh5 60. Kf4 Kg6 61. Kg4 Kf6 62. Kf4 h5 63. Kg3 Ke5 0-1

[Event "Maastricht Limburg op-C 5th"]
[Site "Maastricht"]
[Date "2011.06.11"]
[Round "3"]
[White "Memeti, Memet"]
[Black "Snoeks, Marnicq"]
[Result "1-0"]
[WhiteElo "1464"]
[BlackElo "1387"]
[PlyCount "97"]
[EventDate "2011.06.10"]
[EventType "swiss"]
[EventRounds "7"]
[EventCountry "NED"]
[SourceTitle "EXT 2012"]
[Source "ChessBase"]
[SourceDate "2011.11.24"]
[SourceVersion "1"]
[SourceVersionDate "2011.11.24"]
[SourceQuality "1"]

1. g3 g6 2. Bg2 Bg7 3. d3 Nf6 4. c3 d6 5. Nf3 0-0 6. Nbd2 Nbd7 7. 0-0 Rb8 8. e4 b6 9. Nc4 Bb7 10. h3 Nc5 11. b4 Nfxe4 12. dxe4 Nxe4 13. Bb2 Nxc3 14. Qd3 Nd5 15. Bxg7 Kxg7 16. Nfd2 Nf6 17. Bxb7 Rxb7 18. Nb3 c5 19. bxc5 dxc5 20. Qf3 Qd5 21. Qxd5 Nxd5 22. Rad1 Nf6 23. Rfe1 e6 24. a4 Rc8 25. Nd6 Rbc7 26. Nxc8 Rxc8 27. Nd2 c4 28. Ne4 Nd5 29. Rc1 a6 30. Nd6 Rc6 31. Nxc4 b5 32. axb5 axb5 33. Ne5 Rc3 34. Rb1 b4 35. Re2 f6 36. Ng4 f5 37. Ne3 Nxe3 38. Rxe3 Kf6 39. Rxb4 Rxe3 40. fxe3 h5 41. h4 Ke5 42. Kf2 Kf6 43. Kf3 Ke5 44. Ra4 Kf6 45. Ra5 Ke7 46. Kf4 Kf6 47. Rb5 g5+ 48. hxg5+ Kg6 49. Rb6 1-0

[Event "Maastricht Limburg op-C 4th"]
[Site "Maastricht"]
[Date "2010.05.24"]
[Round "6"]
[White "Snoeks, Marnicq"]
[Black "Geene, Joris"]
[Result "0-1"]
[WhiteElo "1286"]
[BlackElo "1600"]
[PlyCount "132"]
[EventDate "2010.05.21"]
[EventType "swiss"]
[EventRounds "7"]
[EventCountry "NED"]
[SourceTitle "EXT 2011"]
[Source "ChessBase"]
[SourceDate "2010.11.26"]
[SourceVersion "1"]
[SourceVersionDate "2010.11.26"]
[SourceQuality "1"]

1. e4 e5 2. Bc4 Nf6 3. Nc3 Nc6 4. Nf3 Bb4 5. d3 0-0 6. 0-0 d6 7. Nd5 Nxd5 8. exd5 Na5 9. Bb3 Nxb3 10. axb3 Bg4 11. c3 Bc5 12. Be3 Bb6 13. Kh1 Qf6 14. Rg1 Qf5 15. d4 e4 16. Nh4 Bxd1 17. Nxf5 Bxb3 18. f3 Rfe8 19. Bd2 Bxd5 20. Ne3 Bc6 21. Raf1 d5 22. fxe4 dxe4 23. Rf4 Bd7 24. Rgf1 f6 25. g4 Rf8 26. Nd5 Kh8 27. g5 f5 28. g6 Be6 29. Ne3 h6 30. Nxf5 Bxf5 31. Rxf5 Rxf5 32. Rxf5 Re8 33. Kg2 Kg8 34. Kf2 Rf8 35. Rxf8+ Kxf8 36. Ke3 Ke7 37. Kxe4 Kf6 38. d5 Kxg6 39. Ke5 Bc5 40. Ke6 Bd6 41. c4 b6 42. h4 Kh5 43. Be1 g5 44. hxg5 hxg5 45. Kf5 g4 46. Ke4 g3 47. Kf3 Kh4 48. Bxg3+ Bxg3 49. b4 a5 50. bxa5 bxa5 51. Ke3 Kg4 52. c5 Kf5 53. Kd4 Bf2+ 54. Kc4 Ke5 55. d6 cxd6 56. cxd6 Kxd6 57. Kb5 Be1 58. Ka4 Kc5 59. Ka3 Kc4 60. Ka2 Bb4 61. Kb2 a4 62. Ka2 a3 63. Kb1 Kb3 64. Ka1 Bc3+ 65. Kb1 a2+ 66. Kc1 a1Q# 0-1

[Event "Maastricht Limburg op-C 4th"]
[Site "Maastricht"]
[Date "2010.05.22"]
[Round "2"]
[White "Snoeks, Marnicq"]
[Black "Weerts, Rene"]
[Result "0-1"]
[WhiteElo "1286"]
[BlackElo "1672"]
[PlyCount "130"]
[EventDate "2010.05.21"]
[EventType "swiss"]
[EventRounds "7"]
[EventCountry "NED"]
[SourceTitle "EXT 2011"]
[Source "ChessBase"]
[SourceDate "2010.11.26"]
[SourceVersion "1"]
[SourceVersionDate "2010.11.26"]
[SourceQuality "1"]

1. e4 g6 2. Nf3 d6 3. g3 Bg7 4. Bg2 c6 5. 0-0 Na6 6. c3 Nc7 7. d4 Bg4 8. Be3 Nf6 9. Qd3 Qc8 10. e5 Nfd5 11. exd6 exd6 12. c4 Nf6 13. Nh4 0-0 14. Nc3 Bh3 15. Bg5 Bxg2 16. Kxg2 Ne6 17. Bxf6 Bxf6 18. Nf3 h5 19. Ne4 Be7 20. d5 Ng7 21. Neg5 Qd8 22. h4 c5 23. Rfe1 b6 24. Ne4 a5 25. a4 Ra7 26. b3 Nf5 27. Ra2 Nh6 28. Nh2 f5 29. Nc3 Bf6 30. Nb5 Rg7 31. Qe3 Nf7 32. Qe6 Be5 33. f4 Re8 34. Qxe8+ Qxe8 35. fxe5 dxe5 36. Nc7 Qd7 37. Ne6 Rh7 38. Nf3 e4 39. Nfg5 Nxg5 40. Nxg5 Re7 41. Rd2 Qd6 42. Ne6 Rxe6 43. dxe6 Qxd2+ 44. Kf1 Qd6 45. Kf2 Qxe6 46. Ke3 Qe5 47. Kf2 f4 48. gxf4 Qxf4+ 49. Ke2 Qxh4 50. Rf1 Qg4+ 51. Ke3 Qf3+ 52. Rxf3 exf3 53. Kxf3 Kf7 54. Kf4 Kf6 55. b4 cxb4 56. c5 bxc5 57. Ke3 Ke5 58. Kd3 h4 59. Kc4 h3 60. Kxc5 b3 61. Kb5 b2 62. Kxa5 b1Q 63. Ka6 h2 64. a5 h1Q 65. Ka7 Qbb7# 0-1